000 00620nam a22002055i 4500
001 48831
003 ES-MaACL
007 t|
008 950906s1877 gw ||||1| eng d
040 _aCAM
_bspa
_cCAM
100 1 _aDixon, William Hepworth.
_944910
245 1 0 _aDiana, lady Lyle /
_cby William Hepworth Dixon.
260 _aLeipzig :
_bBernhard Tauchnitz,
_c1877.
300 _a1 v. ;
_c16 cm.
490 1 _aCollection of British authors ;
_v1699-1700
505 8 _aContiene 2 t. en 1 v.
830 0 _aCollection of British authors ;
_v1699-1700
_9180703
852 _aES-MaACL
_jG-12379
999 _c48831
_d48831